Potássio e sódio na composição mineral e crescimento em plantas de Zingiber spectabile (Registro n. 339984)
[ somente texto ]
| 000 -LÍDER | |
|---|---|
| fixed length control field | 03586nab a2200349 i 4500 |
| 003 - CÓDIGO MARC DA AGÊNCIA CATALOGADORA | |
| Campo de controle | BR-BrBNA |
| 005 - DATA E HORA DA ÚLTIMA ATUALIZAÇÃO | |
| Campo de controle | 20260202110210.0 |
| 008 - CAMPO DE TAMANHO FIXO | |
| fixed length control field | 260202b2017 bl.qr|pooa||| 00| 0 por | |
| 040 ## - FONTE DA CATALOGAÇÃO | |
| Agência catalogadora | BR-BrBNA |
| Idioma da catalogação | por |
| 072 ## - CATEGORIA AGRIS | |
| Código AGRIS | H50 |
| Código do objeto | 2260 |
| 072 ## - CATEGORIA AGRIS | |
| Código AGRIS | F60 |
| 100 ## - ENTRADA PRINCIPAL - NOME PESSOAL | |
| Nome pessoal | Coelho, Viviane Amaral Toledo |
| 100 ## - ENTRADA PRINCIPAL - NOME PESSOAL | |
| Nome pessoal | Dias, Gabrielen de Maria Gomes |
| 100 ## - ENTRADA PRINCIPAL - NOME PESSOAL | |
| Nome pessoal | Ferreira, Mozart Martins |
| 100 ## - ENTRADA PRINCIPAL - NOME PESSOAL | |
| Nome pessoal | Rodas, Cleber Lázaro |
| 100 ## - ENTRADA PRINCIPAL - NOME PESSOAL | |
| Nome pessoal | Silva, Maria Ligia de Souza |
| 100 ## - ENTRADA PRINCIPAL - NOME PESSOAL | |
| Nome pessoal | Pasqual, Moacir |
| 245 ## - TÍTULO PRINCIPAL | |
| Título principal | Potássio e sódio na composição mineral e crescimento em plantas de Zingiber spectabile |
| 500 ## - NOTA GERAL | |
| Nota geral | <br/><br/>Publicação online; 28 ref.; 4 illus.; Summaries (En, Pt) |
| 942 ## - ADDED ENTRY ELEMENTS (KOHA) | |
| Koha item type | Analítica |
| 520 ## - NOTA DE RESUMO | |
| Nota de conteúdo | <br/><br/><br/>RESUMO - Para plantas ornamentais tropicais não há informações na literatura referentes à interação do sódio (Na) com outros nutrientes, principalmente o potássio (K). Diante do exposto, o objetivo desse trabalho foi avaliar os sintomas de deficiências nutricionais, crescimento e composição mineral em plantas de Zingiber spectabile submetidas a relações K:Na, em solução nutritiva. Os tratamentos com diferentes relações K: Na (mmol L-1) foram: 6K:0Na, 5K:1Na, 4K:2Na, 3K:3Na, 2K:4Na, 1K:5Na e 0K:6Na. Utilizou-se o delineamento experimental em blocos casualizados com quatro repetições, sendo a parcela experimental composta por uma planta por vaso. Após 180 dias, as plantas foram colhidas, sendo os índices biométricos e massas secas das diferentes partes das plantas avaliadas, e posteriormente realizada a análise química dos tecidos vegetais. O Na mostrou ser elemento benéfico para o crescimento inicial de Zingiber spectabile. O Na a partir de 2 mmol L-1 pode substituir em parte o K no cultivo inicial de Zingiber spectabile em solução nutritiva. <br/><br/><br/><br/>Palavras-chave: gengibre ornamental; nutrientes; plantas ornamentais tropicais |
| 520 ## - NOTA DE RESUMO | |
| Nota de conteúdo | <br/><br/><br/>ABSTRACT - For tropical ornamental plants there is no information in the literature regarding the interaction of sodium (Na) with other nutrients, especially potassium (K). Given the above, the objective of this study was to evaluate the symptoms of nutritional deficiencies, growth and mineral composition of plants Zingiber spectabile subjected to K relations: In in nutrient solution. Treatments with different relationships K: Na (mmol L-1) were: 6K:0Na, 5K:1Na, 4K:2Na, 3K:3Na, 2K:4Na, 1K:5Na and 0K:6Na. We used the experimental randomized block design with four replications, and the experimental plot was composed of one plant per pot. After 180 days, the plants were harvested, and the biometric indexes and dry weight of different parts of the plants evaluated, and thereafter performed chemical analysis of the plant tissues. Sodium proved beneficial element for the initial growth of Zingiber spectabile. Sodium from 2 mmol L-1 can partly replace potassium in the initial culture of Zingiber spectabile in nutrient solution. <br/><br/><br/><br/>Key words: ornamental ginger; nutrients; tropical ornamental plants |
| 650 ## - ASSUNTO - THESAGRO | |
| Cabeçalho tópico ou nome geográfico | GENGIBRE |
| 650 ## - ASSUNTO - THESAGRO | |
| Cabeçalho tópico ou nome geográfico | PLANTA ORNAMENTAL |
| 650 ## - ASSUNTO - THESAGRO | |
| Cabeçalho tópico ou nome geográfico | DEFICIÊNCIA NUTRICIONAL |
| 650 ## - ASSUNTO - THESAGRO | |
| Cabeçalho tópico ou nome geográfico | SOLUÇÃO NUTRITIVA |
| 650 ## - ASSUNTO - THESAGRO | |
| Cabeçalho tópico ou nome geográfico | POTÁSSIO |
| 650 ## - ASSUNTO - THESAGRO | |
| Cabeçalho tópico ou nome geográfico | PROPRIEDADE FÍSICO-QUÍMICA |
| 773 0# - ENTRADA ANALÍTICA | |
| Host Biblionumber | 4656 |
| Registro do item | 360061 |
| Imprenta | Recife-PE Universidade Federal Rural de Pernambuco 2006 |
| Outro identificador | 2026-0451 |
| Título | Revista Brasileira de Ciências Agrárias (Brazil) |
| ISSN | 1981-1160 |
| Colação | v. 12(1) p. 35-40; (2017). |
| Número de controle de registro | BR2025005544 |
| 856 ## - ACESSO E ENDEREÇO ELETRÔNICO | |
| Identificador uniforme de recurso - URI | http://www.agraria.pro.br/ojs32/index.php/RBCA/article/view/v12i1a5417/455 |
Nenhum exemplar disponível.

BINAGRI